| 000 | 00684cam a22002178i 4500 | ||
|---|---|---|---|
| 999 |
_c111048 _d111048 |
||
| 001 | 19898992 | ||
| 005 | 20190227112527.0 | ||
| 008 | 170814s2019 mau b 001 0 eng | ||
| 020 | _a9781284036916 (pbk. : alk. paper) | ||
| 040 | _cPK-LaUMT | ||
| 082 | 0 | 0 |
_a616.85506 _223 _bCLI- |
| 100 | _al | ||
| 245 | 0 | 0 |
_aClinical management of speech sound disorders : _ba case-based approach / _cedited by Carol Koch |
| 260 |
_aBurlington : _bJones & Bartlett Learning, _c2019 |
||
| 300 |
_a323 p. ; _ccm. |
||
| 650 | 1 | 2 |
_aSpeech Sound Disorder _xtherapy |
| 650 | 2 | 2 |
_aArticulation Disorders _xtherapy |
| 650 | 2 | 2 |
_aEvidence-Based Medicine _xmethods |
| 700 | 1 | _aKoch, Carol | |
| 942 | _cBK | ||